Westworld. Season two, The door / HBO ; Bad Robot ... Read More
Available copies
- 1 of 1 copy available at LARL/NWRL Consortium.
Current holds
0 current holds with 1 total copy.
Show Only Available Copies
| Location | Call Number / Copy Notes | Barcode | Shelving Location | Status | Due Date |
|---|---|---|---|---|---|
| Thief River Falls Public Library | DVD WES (Text) | 35500006344046 | Main | Available | - |
Record details
- Physical Description: 3 videodiscs (approximately 636 minutes) : sound, ... Read More
- Publisher: [Los Angeles, California] : HBO Home Entertainment, [2018]
- Distributor: Burbank, CA : Warner Home Entertainment, [2018]
- Copyright: ©2018
Content descriptions
| General Note: | Title from container. Based on the film by Michael Crichton. Wide screen. Bonus features: 2 featurettes (The truth behind delos & These violent delights have violent ends) ; ... Read More Language options taken from DVD menu screen and may not be present on container packaging. |
| Formatted Contents Note: | Journey into night -- Reunion -- Virtù E Fortuna ... Read More |
| Participant or Performer Note: | Evan Rachel Wood, Thandie Newton, Jeffrey Wright, ... Read More |
| Date/Time and Place of an Event Note: | Originally broadcast as individual television ... Read More |
| Summary, etc.: | Welcome back to Westworld, where the puppet show ... Read More |
| Target Audience Note: | Not rated Recommended TV-MA. |
| System Details Note: | DVD, region 1; Dolby digital 5.1. |
| Language Note: | English and Portuguese audio; English (SDH), ... Read More |
Search for related items by subject
Search for related items by series
| LDR | 07125cgm a2201501Ii 4500 | ||
|---|---|---|---|
| 001 | 304246 | ||
| 003 | LARL_NWRL_CONSORTIUM | ||
| 005 | 20181214153334.0 | ||
| 008 | 180822p20182018cau636 e vleng d | ||
| 007 | vd cvaizq | ||
| 040 | . | ‡aKYC ‡beng ‡erda ‡cKYC ‡dTEF ‡dTEFMT ‡dOCLCF ‡dIV7 ‡dGK8 ‡dSFR ‡dIEP ‡dOJ4 ‡dINO ‡dWYG ‡dT7R | |
| 024 | 1 | 0. | ‡a883929609109 |
| 024 | 7 | . | ‡a00883929609109 ‡2gtin-14 |
| 028 | 4 | 2. | ‡a1000693159 ‡bHBO Home Entertainment |
| 028 | 4 | 2. | ‡a2000143322 ‡bHBO Home Entertainment ‡q(disc 1) |
| 028 | 4 | 2. | ‡a2000143323 ‡bHBO Home Entertainment ‡q(disc 2) |
| 028 | 4 | 2. | ‡a2000143324 ‡bHBO Home Entertainment ‡q(disc 3) |
| 028 | 4 | 2. | ‡a3000079729 ‡bHBO Home Entertainment ‡q(container) |
| 033 | 0 | 1. | ‡a2018---- ‡b3700 |
| 035 | . | ‡a(OCoLC)1054004433 | |
| 037 | . | ‡a12182165 | |
| 041 | 1 | . | ‡aeng ‡apor ‡jeng ‡jfre ‡echi ‡espa ‡epor ‡heng |
| 082 | 0 | 4. | ‡a791.45/75 ‡223 |
| 130 | 0 | . | ‡aWestworld (Television program). ‡nSeason 2. |
| 245 | 1 | 0. | ‡aWestworld. ‡nSeason two, ‡pThe door / ‡cHBO ; Bad Robot Productions ; Kilter Films ; Jerry Weintraub Productions ; Warner Bros. Television ; created for television by Jonathan Nolan and Lisa Joy. |
| 246 | 3 | . | ‡aWestworld. ‡nSecond season, ‡pThe door |
| 246 | 3 | . | ‡aWestworld. ‡nThe complete second season, ‡pThe door |
| 246 | 3 | 0. | ‡aDoor |
| 246 | 3 | . | ‡aWest world. ‡nSeason two, ‡pThe door |
| 246 | 3 | . | ‡aWest world. ‡nSecond season, ‡pThe door |
| 246 | 3 | . | ‡aWest world. ‡n2nd season, ‡pThe door |
| 257 | . | ‡aUnited States ‡2naf | |
| 264 | 1. | ‡a[Los Angeles, California] : ‡bHBO Home Entertainment, ‡c[2018] | |
| 264 | 2. | ‡aBurbank, CA : ‡bWarner Home Entertainment, ‡c[2018] | |
| 264 | 4. | ‡c©2018 | |
| 300 | . | ‡a3 videodiscs (approximately 636 minutes) : ‡bsound, color ; ‡c4 3/4 in. | |
| 336 | . | ‡atwo-dimensional moving image ‡btdi ‡2rdacontent | |
| 337 | . | ‡avideo ‡bv ‡2rdamedia | |
| 338 | . | ‡avideodisc ‡bvd ‡2rdacarrier | |
| 340 | . | ‡b4 3/4 in. | |
| 340 | . | ‡gcolor | |
| 344 | . | ‡adigital ‡2rdatr | |
| 344 | . | ‡boptical ‡2rdarm | |
| 344 | . | ‡gsurround ‡2rdacpc | |
| 344 | . | ‡hDolby Digital 5.1 | |
| 345 | . | ‡awidescreen ‡afullscreen ‡2rda | |
| 346 | . | ‡bNTSC ‡2rdabs | |
| 347 | . | ‡avideo file ‡2rdaft | |
| 347 | . | ‡bDVD video | |
| 347 | . | ‡eregion 1 ‡2rdare | |
| 380 | . | ‡aTelevision programs. ‡2lcgft | |
| 490 | 0 | . | ‡aWestworld ; ‡vSeason 2 |
| 538 | . | ‡aDVD, region 1; Dolby digital 5.1. | |
| 546 | . | ‡aEnglish and Portuguese audio; English (SDH), French, Chinese, Portuguese and Spanish subtitles. | |
| 511 | 1 | . | ‡aEvan Rachel Wood, Thandie Newton, Jeffrey Wright, James Marsden, Tessa Thompson, Fares Fares, Luke Hemsworth, Louis Herthum, Simon Quarterman, Talulah Riley, Rodrigo Santoro, Gustaf Skarsgård, Ingrid Bolsø, Angela Sarafyan, Shannon Woodward, Clifton Collins Jr., Katja Herbers, Zahn McClarnon, Ed Harris, Anthony Hopkins. |
| 500 | . | ‡aTitle from container. | |
| 518 | . | ‡aOriginally broadcast as individual television episodes by HBO in 2018. | |
| 500 | . | ‡aBased on the film by Michael Crichton. | |
| 500 | . | ‡aWide screen. | |
| 520 | . | ‡aWelcome back to Westworld, where the puppet show is over and the newly liberated 'hosts' are coming for humankind. In Season Two, Dolores takes charge, Maeve is on a mission and the Man in Black is back. Chaos takes control in this dark odyssey about the dawn of artificial consciousness, the birth of a new form of life, and the evolution of sin. | |
| 500 | . | ‡aBonus features: 2 featurettes (The truth behind delos & These violent delights have violent ends) ; reflections on season 2 ; Of love and Shogun ; Journeys and technology ; creating Westworld's reality. | |
| 500 | . | ‡aLanguage options taken from DVD menu screen and may not be present on container packaging. | |
| 505 | 0 | 0. | ‡tJourney into night -- ‡tReunion -- ‡tVirtù E Fortuna -- ‡tRiddle of the sphinx -- ‡tAkane no Mai -- ‡tPhase space -- ‡tLes Écorchés -- ‡tKiksuya -- ‡tVanishing point -- ‡tPassenger. |
| 521 | 8 | . | ‡aNot rated ‡aRecommended TV-MA. |
| 650 | 0. | ‡aArtificial intelligence ‡vDrama. | |
| 650 | 0. | ‡aAndroids ‡vDrama. | |
| 650 | 0. | ‡aSins ‡vDrama. | |
| 650 | 0. | ‡aAmusement parks ‡vDrama. | |
| 650 | 7. | ‡aAndroids. ‡2fast ‡0(LARL_NWRL_CONSORTIUM)13484 | |
| 650 | 7. | ‡aArtificial intelligence. ‡2fast ‡0(LARL_NWRL_CONSORTIUM)14050 | |
| 650 | 7. | ‡aSins. ‡2fast ‡0(LARL_NWRL_CONSORTIUM)31050 | |
| 650 | 4. | ‡aArtificial intelligence ‡vDrama. | |
| 650 | 4. | ‡aAmusement parks ‡vDrama. | |
| 650 | 4. | ‡aAndroids ‡vDrama. | |
| 655 | 7. | ‡aDetective and mystery television programs. ‡2lcgft ‡0(LARL_NWRL_CONSORTIUM)175785 | |
| 655 | 7. | ‡aScience fiction television programs. ‡2lcgft ‡0(LARL_NWRL_CONSORTIUM)175696 | |
| 655 | 7. | ‡aWestern television programs. ‡2lcgft ‡0(LARL_NWRL_CONSORTIUM)175703 | |
| 655 | 7. | ‡aThrillers (Television programs) ‡2lcgft ‡0(LARL_NWRL_CONSORTIUM)175790 | |
| 655 | 7. | ‡aTelevision adaptations. ‡2lcgft ‡0(LARL_NWRL_CONSORTIUM)175702 | |
| 655 | 7. | ‡aFiction television programs. ‡2lcgft ‡0(LARL_NWRL_CONSORTIUM)175627 | |
| 655 | 7. | ‡aTelevision series. ‡2lcgft ‡0(LARL_NWRL_CONSORTIUM)175797 | |
| 655 | 7. | ‡aVideo recordings for the hearing impaired. ‡2lcgft ‡0(LARL_NWRL_CONSORTIUM)175744 | |
| 655 | 7. | ‡aTelevision programs for the hearing impaired. ‡2lcgft ‡0(LARL_NWRL_CONSORTIUM)175639 | |
| 655 | 7. | ‡aDetective and mystery television programs. ‡2fast ‡0(LARL_NWRL_CONSORTIUM)175785 | |
| 655 | 7. | ‡aDrama. ‡2fast | |
| 655 | 7. | ‡aScience fiction television programs. ‡2fast ‡0(LARL_NWRL_CONSORTIUM)175696 | |
| 655 | 7. | ‡aTelevision programs. ‡2fast ‡0(LARL_NWRL_CONSORTIUM)175822 | |
| 655 | 7. | ‡aVideo recordings for the hearing impaired. ‡2fast ‡0(LARL_NWRL_CONSORTIUM)175744 | |
| 655 | 4. | ‡aTelevision programs for the hearing impaired. ‡0(LARL_NWRL_CONSORTIUM)175639 | |
| 655 | 4. | ‡aThrillers (Television programs.) ‡0(LARL_NWRL_CONSORTIUM)175790 | |
| 655 | 4. | ‡aVideo recordings for the hearing impaired. ‡0(LARL_NWRL_CONSORTIUM)175744 | |
| 655 | 4. | ‡aTelevision adaptations. ‡0(LARL_NWRL_CONSORTIUM)175702 | |
| 655 | 4. | ‡aDetective and mystery television programs. ‡0(LARL_NWRL_CONSORTIUM)175785 | |
| 655 | 1. | ‡aScience fiction television programs. ‡0(LARL_NWRL_CONSORTIUM)175696 | |
| 655 | 4. | ‡aFiction television programs. ‡0(LARL_NWRL_CONSORTIUM)175627 | |
| 655 | 4. | ‡aTelevision series. ‡0(LARL_NWRL_CONSORTIUM)175797 | |
| 655 | 4. | ‡aWestern television programs. ‡0(LARL_NWRL_CONSORTIUM)175703 | |
| 700 | 1 | . | ‡aNolan, Jonathan, ‡ecreator. ‡0(LARL_NWRL_CONSORTIUM)147690 |
| 700 | 1 | . | ‡aJoy, Lisa, ‡ecreator. |
| 700 | 1 | . | ‡aWood, Evan Rachel, ‡d1987- ‡eactor. ‡0(LARL_NWRL_CONSORTIUM)148633 |
| 700 | 1 | . | ‡aNewton, Thandie, ‡d1972- ‡eactor. ‡0(LARL_NWRL_CONSORTIUM)146305 |
| 700 | 1 | . | ‡aWright, Jeffrey, ‡eactor. ‡0(LARL_NWRL_CONSORTIUM)146302 |
| 700 | 1 | . | ‡aMarsden, James, ‡d1973- ‡eactor. ‡0(LARL_NWRL_CONSORTIUM)145595 |
| 700 | 1 | . | ‡aThompson, Tessa, ‡d1983- ‡eactor. |
| 700 | 1 | . | ‡aFares, Fares, ‡d1973- ‡eactor. |
| 700 | 1 | . | ‡aHemsworth, Luke, ‡d1980- ‡eactor. |
| 700 | 1 | . | ‡aHerthum, Louis, ‡d1956- ‡eactor. |
| 700 | 1 | . | ‡aQuarterman, Simon, ‡eactor. |
| 700 | 1 | . | ‡aRiley, Talulah, ‡d1985- ‡eactor. |
| 700 | 1 | . | ‡aSantoro, Rodrigo, ‡d1975- ‡eactor. ‡0(LARL_NWRL_CONSORTIUM)219720 |
| 700 | 1 | . | ‡aSkarsgård, Gustaf, ‡eactor. |
| 700 | 1 | . | ‡aBerdal, Ingrid Bolsø, ‡d1980- ‡eactor. |
| 700 | 1 | . | ‡aSarafyan, Angela, ‡d1983- ‡eactor. |
| 700 | 1 | . | ‡aWoodward, Shannon, ‡d1984- ‡eactor. |
| 700 | 1 | . | ‡aCollins, Clifton, ‡cJr., ‡eactor. ‡0(LARL_NWRL_CONSORTIUM)45049 |
| 700 | 1 | . | ‡aHerbers, Katja, ‡eactor. |
| 700 | 1 | . | ‡aMcClarnon, Zahn, ‡d1966- ‡eactor. |
| 700 | 1 | . | ‡aHarris, Ed, ‡d1950- ‡eactor. ‡0(LARL_NWRL_CONSORTIUM)111960 |
| 700 | 1 | . | ‡aHopkins, Anthony, ‡d1937- ‡eactor. ‡0(LARL_NWRL_CONSORTIUM)51958 |
| 710 | 2 | . | ‡aHBO Home Entertainment (Firm), ‡epublisher. ‡0(LARL_NWRL_CONSORTIUM)217584 |
| 710 | 2 | . | ‡aWarner Home Video (Firm), ‡efilm distributor. ‡0(LARL_NWRL_CONSORTIUM)139520 |
| 710 | 2 | . | ‡aBad Robot (Firm), ‡eproduction company. ‡0(LARL_NWRL_CONSORTIUM)207608 |
| 710 | 2 | . | ‡aKilter Films, ‡eproduction company. |
| 710 | 2 | . | ‡aJerry Weintraub Productions, ‡eproduction company. ‡0(LARL_NWRL_CONSORTIUM)213963 |
| 710 | 2 | . | ‡aWarner Bros. Television, ‡eproduction company. ‡0(LARL_NWRL_CONSORTIUM)87511 |
| 730 | 0 | 2. | ‡iTelevision adaptation of (work): ‡aWestworld (Motion picture) |
| 901 | . | ‡a304246 ‡bOCoLC ‡c304246 ‡tbiblio ‡soclc | |

Add to basket
Permalink
Disable Highlighting